000
00337nam a2200133Ia 4500
008
240624s9999 xx 000 0 und d
041
_a
eng
082
_a
339 TOF
100
_a
TOFFLER ALVIN
245
_a
REVOLUTIONARY WEALTH
260
_c
2006
_a
New York
_b
Currency and Doubleday
300
_a
xx, : 490 : p. : cm. ; 20
365
_c
RS
_b
20
999
_c
8111
_d
8111